U.S State Capitals-Sudden Death - Statistics

General Stats
  • This quiz has been taken 105 times
    93 since last reset
  • The average score is 25 of 50
Answers on the Grid
Answers color-coded by a green-red scale on the quiz's grid according to % correct below.
Montgomery
Juneau
Phoenix
Little Rock
Sacramento
Denver
Hartford
Dover
Tallahassee
Atlanta
Honolulu
Boise
Springfield
Indianapolis
Des Moines
Topeka
Frankfort
Baton Rouge
Augusta
Annapolis
Boston
Lansing
Saint Paul
Jackson
Jefferson City
Helena
Lincoln
Carson City
Concord
Trenton
Santa Fe
Albany
Raleigh
Bismarck
Columbus
Oklahoma City
Salem
Harrisburg
Providence
Columbia
Pierre
Nashville
Austin
Salt Lake City
Montpelier
Richmond
Olympia
Charleston
Madison
Cheyenne
New York City
Los Angeles
Chicago
Houston
Philadelphia
San Antonio
San Diego
Dallas
Jacksonville
Fort Worth
San Jose
Charlotte
San Francisco
Seattle
El Paso
Las Vegas
Detroit
Louisville
Portland
Memphis
Baltimore
Milwaukee
Albuquerque
Tucson
Fresno
Mesa
Kansas City
Colorado Springs
Omaha
Miami
Virginia Beach
Long Beach
Oakland
Bakersfield
Tulsa
Tampa
Arlington
Wichita
Aurora
New Orleans
Cleveland
Orlando
Corpus Christi
Cincinnati
Newark
Pittsburgh
Jersey City
St. Louis
Buffalo
Davenport
 
Answer Stats
Answer % Correct
Carson City
60%
Honolulu
60%
Albany
57%
Atlanta
57%
Baton Rouge
57%
Boston
57%
Cheyenne
57%
Indianapolis
57%
Juneau
57%
Phoenix
57%
Sacramento
57%
Tallahassee
57%
Austin
53%
Bismarck
53%
Columbia
53%
Columbus
53%
Dover
53%
Helena
53%
Montpelier
53%
Richmond
53%
Augusta
50%
Denver
50%
Harrisburg
50%
Little Rock
50%
Madison
50%
Raleigh
50%
Salt Lake City
50%
Santa Fe
50%
Annapolis
47%
Charleston
47%
Concord
47%
Des Moines
47%
Hartford
47%
Jackson
47%
Jefferson City
47%
Lansing
47%
Montgomery
47%
Oklahoma City
47%
Olympia
47%
Providence
47%
Springfield
47%
Topeka
47%
Boise
43%
Frankfort
43%
Lincoln
43%
Nashville
43%
Pierre
43%
Saint Paul
43%
Trenton
43%
Salem
40%
No matching quizzes found
Score Distribution
Percent of People with Each Score
Percentile by Number Answered
Your Score History
You have not taken this quiz since the last reset